| 000 | 00893nam a22002417i 4500 | ||
|---|---|---|---|
| 999 |
_c23318 _d23318 |
||
| 003 | AR-CdUCM | ||
| 008 | 250716b20112011 pe||||| |||| 00| 0 spa d | ||
| 020 | _a978-607-7965-35-0 | ||
| 040 |
_aMUNICIPALIDAD PROVINCIAL DEL CUSCO _cBIBLIOTECA MUNICIPAL DEL CUSCO |
||
| 041 | _hspa | ||
| 082 |
_a750. 985 / W19 _bW19 |
||
| 100 |
_aWalther, Ingo F. _951233 |
||
| 245 |
_aVincent Van Gogh 1853 - 1890 : _bVisión y realidad / |
||
| 260 |
_aMexico : _bEditorial Cordillera _c2011 |
||
| 300 |
_a95 páginas. : _bIlustraciones _c25x20 cm. |
||
| 505 | _aEl inicio en Holanda -- Amberes y París -- Explosión del color -- La pintura como razón de vida -- Vincent van Gogh vida y obra | ||
| 650 |
_aAños de aprendizaje _951234 |
||
| 650 |
_aExplosion del color _951235 |
||
| 650 |
_aPintura raon de vida _951236 |
||
| 856 | _fwww.taschen.com | ||
| 942 |
_2ddc _cLIBROS |
||
| 945 |
_apbjr _d16-07-2025 |
||